| 000 | 00000cas 2200000za 4500 |
| 001 | 9.816375 |
| 003 | CaOODSP |
| 005 | 20260508111324 |
| 007 | cr ||||||||||| |
| 008 | 160427c20169999onca| p o||||f0 a0eng|d |
| 022 | |a2371-1035 |
| 040 | |aCaOODSP|beng |
| 043 | |an-cn--- |
| 086 | 1 |aEn81-6/1E-PDF |
| 222 | 0|aOverview of reported ... emissions |
| 245 | 00|aOverview of reported ... emissions |h[electronic resource] / |cFacility Greenhouse Gas Emissions Reporting Program, Environment and Climate Change Canada. |
| 246 | 13|aOverview of ... reported emissions |
| 260 | |aOttawa : |bEnvironment and Climate Change Canada, |c2016- |
| 310 | |aAnnual |
| 362 | 0 |a2014- |
| 500 | |aIssued also in French under title: Aperçu des émissions déclarées pour ... |
| 692 | 07|2gccst|aGreenhouse gases |
| 710 | 1 |aCanada. |bEnvironment and Climate Change Canada. |
| 775 | 08|tAperçu des émissions déclarées pour ... |w(CaOODSP)9.816377 |
| 780 | 00|tFacility Greenhouse Gas Emissions Reporting Program |w(CaOODSP)9.506943 |